Statistics for Countries on GDP PPP Pixelated Map

Click here to take the quiz!

General Stats

  • This quiz has been taken 158 times
    (44 since last reset)
  • The average score is 97 of 108

Answers on the Map

Answers color-coded by a green-red scale on the quiz's map according to % correct below.
 

Answer Stats

GDP PPP (Int$billion)Country% Correct
20,807United States
100%
925Argentina
98%
3,079Brazil
98%
1,809Canada
98%
24,162China
98%
8,681India
98%
2,425Mexico
98%
2,979United Kingdom
98%
1,308Australia
95%
336Denmark
95%
2,954France
95%
4,454Germany
95%
311Greece
95%
2,415Italy
95%
5,236Japan
95%
987Netherlands
95%
206New Zealand
95%
350Norway
95%
1,076Pakistan
95%
4,022Russia
95%
1,609Saudi Arabia
95%
2,293South Korea
95%
1,773Spain
95%
552Sweden
95%
2,382Turkiye
95%
576Belgium
93%
456Chile
93%
1,292Egypt
93%
273Finland
93%
316Hungary
93%
3,328Indonesia
93%
1,007Iran
93%
448Ireland
93%
361Israel
93%
71Luxembourg
93%
103Nepal
93%
1,281Poland
93%
585Romania
93%
711South Africa
93%
591Switzerland
93%
1,276Taiwan
93%
1,261Thailand
93%
493Austria
90%
865Bangladesh
90%
719Colombia
90%
399Iraq
90%
60Laos
90%
900Malaysia
90%
274Morocco
90%
1,044Nigeria
90%
129Panama
90%
386Peru
90%
934Philippines
90%
340Portugal
90%
257Qatar
90%
552Singapore
90%
80Slovenia
90%
288Sri Lanka
90%
648United Arab Emirates
90%
75Uruguay
90%
250Uzbekistan
90%
1,047Vietnam
90%
63Yemen
90%
488Algeria
88%
98Bolivia
88%
164Bulgaria
88%
74Cambodia
88%
99Costa Rica
88%
99DR Congo
88%
272Ethiopia
88%
149Guatemala
88%
570Kazakhstan
88%
204Kuwait
88%
276Myanmar
88%
91Paraguay
88%
528Ukraine
88%
186Belarus
85%
112Croatia
85%
431Czechia
85%
196Dominican Republic
85%
186Ecuador
85%
54El Salvador
85%
176Ghana
85%
55Honduras
85%
439*Hong Kong
85%
102Jordan
85%
243Kenya
85%
59Latvia
85%
107Lithuania
85%
131Serbia
85%
176Slovakia
85%
166Sudan
85%
124Tunisia
85%
99Turkmenistan
85%
217Angola
83%
146Azerbaijan
83%
74Bahrain
83%
56Georgia
83%
79Lebanon
83%
129Oman
83%
58Senegal
80%
165Tanzania
80%
62Zambia
80%
79Afghanistan
78%
97Cameroon
78%
107Uganda
78%
144Côte d'Ivoire
73%
109*Puerto Rico
56%

Score Distribution

Percentile by Number Answered

Percent of People with Each Score

Your Score History

You have not taken this quiz since the last reset